| 000 | 00610nam a22001817a 4500 | ||
|---|---|---|---|
| 003 | NUST-PNEC | ||
| 005 | 20170116180741.0 | ||
| 008 | 141215b xxu||||| |||| 00| 0 eng d | ||
| 040 | _cPNEC | ||
| 082 | _a005.74 KRO | ||
| 100 |
_91127 _aKroenke, David M. |
||
| 245 |
_aDatabase concepts _cDavid M. Kroenke |
||
| 260 |
_aNew Delhi : _bPrentice-Hall of India, _cc2003. |
||
| 300 |
_a219 p. : _bill.; _c27 cm. |
||
| 650 | _xComputer, MIS | ||
| 856 | _uhttp://www.amazon.com/Database-Concepts-David-Auer-Kroenke/dp/B001ECLWFU/ref=sr_1_1?s=books&ie=UTF8&qid=1418637759&sr=1-1&keywords=8120322320 | ||
| 942 |
_2ddc _cBK |
||
| 999 |
_c62188 _d62188 |
||